[Event "Winnipeg TNT 2025.06"]
[Site "Winnipeg CAN"]
[Date "2025.06.10"]
[Round "2.11"]
[White "Kim, Sunyo"]
[Black "Trueman, Francis"]
[Result "1-0"]
[WhiteElo "1786"]
[BlackElo "1561"]
[WhiteFideId "-1"]
[WhiteFideId "-1"]
[PlyCount "45"]
[GameId "2197395077955684"]
[EventDate "2025.06.03"]
[EventType "swiss"]
[EventRounds "4"]
[EventCountry "CAN"]

1. e4 d6 2. d4 Nd7 3. Nf3 e5 4. dxe5 dxe5 5. Bc4 h6 6. O-O Ngf6 7. Re1 Bc5 8. a3 O-O 9. b4 Be7 10. Bb2 Bd6 11. Bb3 Re8 12. Nbd2 Nf8 13. Nc4 Ng6 14. Nxd6 cxd6 15. h3 Nh5 16. Nxe5 Nxe5 17. Qxh5 Qf6 18. Rab1 g5 19. Re3 Kh7 20. Bxe5 Qxe5 21. Qxf7+ Kh8 22. Qg6 Qg7 23. Qxe8+ 1-0

[Event "Winnipeg TNT 2025.06"]
[Site "Winnipeg CAN"]
[Date "2025.06.10"]
[Round "2.12"]
[White "Cobb, Kyle"]
[Black "Curtis, Rory"]
[Result "0-1"]
[WhiteElo "1430"]
[BlackElo "1762"]
[WhiteFideId "-1"]
[WhiteFideId "-1"]
[PlyCount "77"]
[GameId "2197395077955685"]
[EventDate "2025.06.03"]
[EventType "swiss"]
[EventRounds "4"]
[EventCountry "CAN"]

1. e4 e5 2. Nf3 d6 3. d4 exd4 4. Qxd4 Nc6 5. Bb5 Bd7 6. Qd3 Nf6 7. Nc3 Be7 8. O-O O-O 9. Bd2 a6 10. Bc4 Nb4 11. Qe2 Nxc2 12. Rad1 Bg4 13. Bc1 Nb4 14. Rfe1 Nd7 15. a3 Nc6 16. h3 Bh5 17. g4 Bg6 18. b4 Re8 19. Nd2 Nde5 20. Ba2 Nd4 21. Qf1 Nef3+ 22. Nxf3 Nxf3+ 23. Kg2 Nxe1+ 24. Rxe1 h5 25. f4 h4 26. f5 Bh7 27. Qf4 Bf6 28. Nd5 Be5 29. Qf3 c6 30. Ne3 Qf6 31. Nc4 Bg3 32. g5 Qa1 33. Re2 Qxc1 34. g6 Kh8 35. Nxd6 Bxd6 36. Qh5 Qh6 37. Qg4 fxg6 38. Bf7 Re5 39. Rd2 0-1

[Event "Winnipeg TNT 2025.06"]
[Site "Winnipeg CAN"]
[Date "2025.06.10"]
[Round "2.13"]
[White "Letain, Cory"]
[Black "Reimer, Bruce"]
[Result "1-0"]
[WhiteElo "1741"]
[BlackElo "1501"]
[WhiteFideId "-1"]
[WhiteFideId "-1"]
[PlyCount "73"]
[GameId "2197395077955686"]
[EventDate "2025.06.03"]
[EventType "swiss"]
[EventRounds "4"]
[EventCountry "CAN"]

1. d4 d6 2. e4 Nf6 3. Nc3 c6 4. Bd3 Qc7 5. h3 e5 6. Nf3 Be7 7. O-O O-O 8. Be3 b5 9. a3 Bb7 10. Qd2 Nbd7 11. Rad1 Nb6 12. d5 cxd5 13. Bxb6 Qxb6 14. exd5 a6 15. Rfe1 Nh5 16. Re4 f5 17. Rh4 Bxh4 18. Nxh4 Bc8 19. Qg5 Nf4 20. Bxf5 Bxf5 21. Nxf5 g6 22. Ne7+ Kg7 23. Ne4 h6 24. Qg4 Ra7 25. Nc6 Raf7 26. Nxd6 Rf6 27. Qd7+ Kh8 28. Ne8 Ne2+ 29. Kh2 R6f7 30. Qe6 Qxf2 31. Qxe5+ Kg8 32. Nd8 Qf4+ 33. Qxf4 Rxf4 34. d6 Rxe8 35. Ne6 Kf7 36. d7 Rd8 37. Nxd8+ 1-0

[Event "Winnipeg TNT 2025.06"]
[Site "Winnipeg CAN"]
[Date "2025.06.17"]
[Round "3.1"]
[White "Currie, James"]
[Black "Stordeur, Jackson"]
[Result "0-1"]
[WhiteElo "1959"]
[BlackElo "2020"]
[WhiteFideId "-1"]
[WhiteFideId "-1"]
[PlyCount "48"]
[GameId "2197395077972071"]
[EventDate "2025.06.03"]
[EventType "swiss"]
[EventRounds "4"]
[EventCountry "CAN"]

1. e4 e5 2. f4 exf4 3. Nf3 g5 4. h4 g4 5. Ng1 d5 6. d4 Bh6 7. Ne2 f3 8. Ng3 dxe4 9. Bxh6 Nxh6 10. Nxe4 Qe7 11. Bd3 fxg2 12. Rg1 f5 13. Rxg2 fxe4 14. Bxe4 Bf5 15. Nc3 Qxh4+ 16. Kd2 Qg5+ 17. Ke2 Nc6 18. Qd3 O-O 19. Rag1 Kh8 20. d5 Ne5 21. Qb5 Nf3 22. Rd1 Bxe4 23. Nxe4 Qe5 24. Kd3 Qd4+ 0-1

[Event "Winnipeg TNT 2025.06"]
[Site "Winnipeg CAN"]
[Date "2025.06.17"]
[Round "3.2"]
[White "Rutter, Blair"]
[Black "Bilugan, Mason"]
[Result "1/2-1/2"]
[WhiteElo "1911"]
[BlackElo "1964"]
[WhiteFideId "-1"]
[WhiteFideId "-1"]
[PlyCount "100"]
[GameId "2197395077972072"]
[EventDate "2025.06.03"]
[EventType "swiss"]
[EventRounds "4"]
[EventCountry "CAN"]

1. c4 Nf6 2. g3 e5 3. Bg2 c6 4. Nf3 e4 5. Ng5 d5 6. d4 exd3 7. Qxd3 h6 8. Nf3 dxc4 9. Qxd8+ Kxd8 10. Ne5 Be6 11. O-O Nbd7 12. Rd1 Kc8 13. Nf3 Bc5 14. Nc3 Nd5 15. Ne4 Be7 16. Nd4 Rd8 17. Nxe6 fxe6 18. Bh3 e5 19. Bd2 Kc7 20. Rac1 b5 21. b3 cxb3 22. axb3 Kb6 23. Rc2 Rac8 24. Ra1 b4 25. Rac1 Rc7 26. Be6 N7f6 27. Nc5 Bxc5 28. Rxc5 Ne4 29. R5c2 Nxd2 30. Rxd2 Nc3 31. Rcc2 Rxd2 32. Rxd2 Re7 33. Bc4 Kc7 34. Kg2 Rd7 35. Rc2 Kb6 36. e3 e4 37. f3 Nd1 38. Re2 Nc3 39. Rc2 exf3+ 40. Kxf3 a5 41. e4 Re7 42. Bd3 Kc5 43. Ke3 g6 44. h4 Re8 45. Rc1 Rf8 46. Rg1 a4 47. bxa4 b3 48. Rg2 b2 49. Rc2 Kb4 50. Rxb2+ Kxa4 1/2-1/2

[Event "Winnipeg TNT 2025.06"]
[Site "Winnipeg CAN"]
[Date "2025.06.17"]
[Round "3.3"]
[White "Nagelberg, Alan"]
[Black "Kuryliw, Ray"]
[Result "1-0"]
[WhiteElo "2028"]
[BlackElo "1918"]
[WhiteFideId "-1"]
[WhiteFideId "-1"]
[PlyCount "85"]
[GameId "2197395077972073"]
[EventDate "2025.06.03"]
[EventType "swiss"]
[EventRounds "4"]
[EventCountry "CAN"]

1. c4 e5 2. Nc3 Bc5 3. g3 Nc6 4. Bg2 Nge7 5. Nf3 d6 6. Na4 O-O 7. O-O Nd4 8. Nxd4 Bxd4 9. e3 Bb6 10. Nxb6 axb6 11. d4 Ng6 12. h4 c6 13. b3 f5 14. Bb2 Qe7 15. h5 Nh4 16. gxh4 e4 17. Qe1 Qxh4 18. f3 Qxe1 19. Rfxe1 d5 20. cxd5 cxd5 21. a4 Bd7 22. Kf2 Rf6 23. f4 Rh6 24. Rh1 Kf7 25. Bf1 Rc8 26. Rc1 Rxc1 27. Bxc1 Rc6 28. Be2 Rc3 29. Bd2 Rxb3 30. Ra1 Rb2 31. Ke1 Rc2 32. Kd1 Rc7 33. Bb5 Bxb5 34. axb5 Kf6 35. Rc1 Rxc1+ 36. Bxc1 g5 37. hxg6 hxg6 38. Ke2 g5 39. fxg5+ Kxg5 40. Kf2 Kh4 41. Ba3 Kh3 42. Bd6 Kh4 43. Kg2 1-0

[Event "Winnipeg TNT 2025.06"]
[Site "Winnipeg CAN"]
[Date "2025.06.17"]
[Round "3.4"]
[White "Gres, Yakiv"]
[Black "Kowal, Ken"]
[Result "1-0"]
[WhiteElo "1965"]
[BlackElo "1923"]
[WhiteFideId "-1"]
[WhiteFideId "-1"]
[PlyCount "113"]
[GameId "2197395077972074"]
[EventDate "2025.06.03"]
[EventType "swiss"]
[EventRounds "4"]
[EventCountry "CAN"]

1. e4 c5 2. Nf3 d6 3. d4 cxd4 4. Nxd4 Nf6 5. Nc3 e6 6. g4 Nc6 7. Rg1 Be7 8. Be3 Nxd4 9. Qxd4 e5 10. Bb5+ Bd7 11. Qd3 O-O 12. Bxd7 Qxd7 13. g5 Ne8 14. O-O-O f5 15. gxf6 Bxf6 16. Nb5 Kh8 17. Nxd6 Nxd6 18. Qxd6 Qa4 19. Kb1 Qxe4 20. Qd5 Qxd5 21. Rxd5 a6 22. Rd7 b5 23. Bb6 e4 24. a4 bxa4 25. c4 Rac8 26. c5 Rc6 27. Ka2 Re6 28. Ka3 e3 29. fxe3 Rxe3+ 30. Kxa4 Bxb2 31. Rd8 Rxd8 32. Bxd8 Be5 33. h4 Kg8 34. Rh1 Kf7 35. Ka5 Ke6 36. Kxa6 Kd5 37. Kb7 Rb3+ 38. Bb6 Bd4 39. Rd1 Kc4 40. Kc7 Be3 41. Kd6 Kb5 42. Rd5 Kc4 43. Rf5 Kb5 44. Rf7 Rd3+ 45. Ke5 Bxc5 46. Bxc5 Kxc5 47. Rc7+ Kb5 48. Rxg7 Rh3 49. Rxh7 Kc6 50. h5 Rf3 51. h6 Kc5 52. Rc7+ Kb6 53. Rg7 Rh3 54. h7 Rh1 55. Kf6 Rf1+ 56. Ke7 Rh1 57. Kf8 1-0

[Event "Winnipeg TNT 2025.06"]
[Site "Winnipeg CAN"]
[Date "2025.06.17"]
[Round "3.5"]
[White "Wang, Lucas"]
[Black "Babb, Jeff"]
[Result "1-0"]
[WhiteElo "1748"]
[BlackElo "2039"]
[WhiteFideId "-1"]
[WhiteFideId "-1"]
[PlyCount "100"]
[GameId "2197395077972075"]
[EventDate "2025.06.03"]
[EventType "swiss"]
[EventRounds "4"]
[EventCountry "CAN"]

1. e4 e5 2. Nf3 Nc6 3. Bb5 a6 4. Ba4 Nf6 5. O-O Nxe4 6. d4 b5 7. Bb3 d5 8. dxe5 Be6 9. Bf4 g5 10. Be3 Bg7 11. Nc3 Nxc3 12. bxc3 h6 13. Re1 O-O 14. Nd4 Ne7 15. Nxe6 fxe6 16. Bc5 Rf7 17. Qg4 Nf5 18. Rad1 Rd7 19. Qh5 Qe8 20. Qf3 Rad8 21. a4 Bf8 22. Bxf8 Qxf8 23. Qh5 Qf7 24. Qh3 c5 25. axb5 axb5 26. Rd2 c4 27. Ba2 Ra8 28. Bb1 Kg7 29. Qf3 Ra3 30. Qd1 Ra1 31. Qc1 Qe7 32. Qb2 Ra5 33. Qb4 Rda7 34. Rdd1 Kf7 35. h3 Qxb4 36. cxb4 Ra3 37. c3 Ne7 38. Re3 Ra1 39. Ree1 R7a3 40. Bg6+ Nxg6 41. Rxa1 Rxa1 42. Rxa1 Nxe5 43. Ra5 Nd3 44. Rxb5 Nc1 45. Rb7+ Kf6 46. b5 Ne2+ 47. Kf1 Nxc3 48. b6 Na4 49. Rf7+ Kxf7 50. b7 Kg6 1-0

[Event "Winnipeg TNT 2025.06"]
[Site "Winnipeg CAN"]
[Date "2025.06.17"]
[Round "3.7"]
[White "Kim, Sunyo"]
[Black "Zhou, Joe"]
[Result "0-1"]
[WhiteElo "1783"]
[BlackElo "1912"]
[WhiteFideId "-1"]
[WhiteFideId "-1"]
[PlyCount "98"]
[GameId "2197395077972076"]
[EventDate "2025.06.03"]
[EventType "swiss"]
[EventRounds "4"]
[EventCountry "CAN"]

1. e4 c5 2. Nf3 Nc6 3. d4 cxd4 4. Nxd4 Nf6 5. Nxc6 bxc6 6. e5 Qa5+ 7. c3 Qxe5+ 8. Be2 Ba6 9. Be3 Bxe2 10. Qxe2 e6 11. Nd2 Be7 12. Nf3 Qc7 13. Bd4 O-O 14. O-O c5 15. Be5 d6 16. Bg3 Nh5 17. Bh4 Bxh4 18. Nxh4 Nf6 19. g3 Rab8 20. Rab1 Rb7 21. Ng2 Rfb8 22. Ne3 Ne4 23. Rfc1 d5 24. b3 a5 25. f3 Nd6 26. Qd2 Rb6 27. Qc2 Qb7 28. Kg2 c4 29. Ra1 cxb3 30. axb3 Rxb3 31. Qd3 Qb5 32. Qd1 Rb2+ 33. Rc2 Nc4 34. Nxc4 Qxc4 35. Rxa5 Qxc3 36. Ra2 Qxc2+ 37. Qxc2 Rxc2+ 38. Rxc2 Kf8 39. h4 Ke7 40. g4 Rd8 41. Kf2 d4 42. Rc7+ Rd7 43. Rxd7+ Kxd7 44. f4 Kd6 45. Ke2 Kd5 46. Kd3 e5 47. f5 e4+ 48. Kd2 e3+ 49. Kd3 Ke5 0-1

[Event "Winnipeg TNT 2025.06"]
[Site "Winnipeg CAN"]
[Date "2025.06.17"]
[Round "3.8"]
[White "Curtis, Rory"]
[Black "Atem, James"]
[Result "0-1"]
[WhiteElo "1762"]
[BlackElo "1834"]
[WhiteFideId "-1"]
[WhiteFideId "-1"]
[PlyCount "104"]
[GameId "2197395077972077"]
[EventDate "2025.06.03"]
[EventType "swiss"]
[EventRounds "4"]
[EventCountry "CAN"]

1. d4 c6 2. c4 d5 3. cxd5 Qxd5 4. Nc3 Qd8 5. Nf3 g6 6. Bg5 Bg7 7. e3 Bg4 8. Be2 Qa5 9. Bf4 Nd7 10. O-O Ngf6 11. h3 Bf5 12. a3 O-O 13. b4 Qd8 14. Rc1 a6 15. a4 Qb6 16. b5 axb5 17. axb5 Ne4 18. bxc6 bxc6 19. Nxe4 Bxe4 20. Ng5 Bd5 21. e4 Bb3 22. Qd3 Bxd4 23. Rb1 e5 24. Rxb3 Qd8 25. Qd1 Ra1 26. Bc1 Nc5 27. Rg3 h6 28. Nf3 Nxe4 29. Rg4 Nc3 30. Qe1 Rxc1 31. Qd2 Nxe2+ 32. Qxe2 Rxf1+ 33. Qxf1 h5 34. Rg3 e4 35. Ne1 Qd6 36. Rb3 Ra8 37. Nc2 Qc5 38. Ne3 Ra1 39. Rb1 Rxb1 40. Qxb1 Bxe3 41. fxe3 Qxe3+ 42. Kf1 Qf4+ 43. Ke2 Qd6 44. Qxe4 Qe6 45. Kd3 Qxe4+ 46. Kxe4 f6 47. Kd4 Kf7 48. Kc5 Ke6 49. Kxc6 g5 50. Kc5 Ke5 51. Kc4 Ke4 52. Kc3 Ke3 0-1

[Event "Winnipeg TNT 2025.06"]
[Site "Winnipeg CAN"]
[Date "2025.06.17"]
[Round "3.9"]
[White "Hui, Zelus"]
[Black "Letain, Cory"]
[Result "1/2-1/2"]
[WhiteElo "1815"]
[BlackElo "1741"]
[WhiteFideId "-1"]
[WhiteFideId "-1"]
[PlyCount "103"]
[GameId "2197395077972078"]
[EventDate "2025.06.03"]
[EventType "swiss"]
[EventRounds "4"]
[EventCountry "CAN"]

1. c4 c5 2. g3 e5 3. Bg2 d6 4. Nc3 Nc6 5. a3 g6 6. e3 Bg7 7. Nge2 Nge7 8. O-O O-O 9. Rb1 Bf5 10. d3 Na5 11. b4 cxb4 12. axb4 Nac6 13. Ba3 a5 14. b5 Nb4 15. Bxb4 axb4 16. Rxb4 b6 17. Bxa8 Qxa8 18. e4 Bh3 19. Re1 f5 20. Qa4 Qb7 21. Qa6 Qc7 22. Na4 Nc8 23. Nec3 fxe4 24. Nxe4 Qf7 25. Qa8 Ne7 26. Qb7 Qf3 27. Nf6+ Qxf6 28. Rb2 Nf5 29. Qf3 Qg5 30. Nxb6 Nd4 31. Qd5+ Kh8 32. Reb1 Nf3+ 33. Kh1 Nd2 34. Rd1 Rxf2 35. Qa8+ Rf8 36. Qc6 Rf2 37. Nd7 Bg2+ 38. Qxg2 Rxg2 39. Kxg2 Nf3 40. Rdb1 e4 41. b6 Qh6 42. b7 Qxh2+ 43. Kf1 Qg1+ 44. Ke2 Nd4+ 45. Kd2 Qf2+ 46. Kd1 Qf1+ 47. Kd2 Nf3+ 48. Ke3 Qxd3+ 49. Kf2 Bd4+ 50. Kg2 Ne1+ 51. Rxe1 Qf3+ 52. Kh2 1/2-1/2

[Event "Winnipeg TNT 2025.06"]
[Site "Winnipeg CAN"]
[Date "2025.06.17"]
[Round "3.10"]
[White "Adeyemi, Adebowale"]
[Black "Ubaka, Michael"]
[Result "1-0"]
[WhiteElo "1708"]
[BlackElo "1826"]
[WhiteFideId "-1"]
[WhiteFideId "-1"]
[PlyCount "71"]
[GameId "2197395077972079"]
[EventDate "2025.06.03"]
[EventType "swiss"]
[EventRounds "4"]
[EventCountry "CAN"]

1. d4 Nf6 2. c4 e6 3. Nc3 Bb4 4. Qc2 Nc6 5. Nf3 h6 6. e4 d5 7. e5 Ne4 8. c5 b6 9. cxb6 axb6 10. Bb5 Bd7 11. O-O Nxc3 12. bxc3 Ba5 13. a4 O-O 14. Ba3 Re8 15. Rfd1 Na7 16. Bd3 Rc8 17. Bb4 c5 18. Bxa5 bxa5 19. Qe2 c4 20. Bb1 Rb8 21. g3 Nc6 22. Qc2 Qc7 23. Qh7+ Kf8 24. Qh8+ Ke7 25. Qxg7 Rg8 26. Qf6+ Kf8 27. Qxh6+ Rg7 28. Ng5 Ne7 29. Nh7+ Kg8 30. Nf6+ Kf8 31. Nh5 Nf5 32. Bxf5 exf5 33. Qxg7+ Ke7 34. Qf6+ Kf8 35. Nf4 Bc6 36. Ne6+ 1-0

[Event "Winnipeg TNT 2025.06"]
[Site "Winnipeg CAN"]
[Date "2025.06.17"]
[Round "3.11"]
[White "Comber, Kyle"]
[Black "Zhang, Ian"]
[Result "0-1"]
[WhiteElo "1578"]
[BlackElo "1753"]
[WhiteFideId "-1"]
[WhiteFideId "-1"]
[PlyCount "110"]
[GameId "2197395077972080"]
[EventDate "2025.06.03"]
[EventType "swiss"]
[EventRounds "4"]
[EventCountry "CAN"]

1. f4 d5 2. Nf3 Nf6 3. e3 c5 4. Bb5+ Bd7 5. Bxd7+ Nbxd7 6. O-O e6 7. b3 Be7 8. Bb2 O-O 9. d3 Rc8 10. Nbd2 b5 11. c4 bxc4 12. dxc4 Nb6 13. Bxf6 Bxf6 14. Ne5 d4 15. Ne4 dxe3 16. Nxf6+ Qxf6 17. Qf3 Rfd8 18. Qxe3 Rd4 19. Rad1 Rcd8 20. Rxd4 cxd4 21. Qd3 Nc8 22. c5 g5 23. g3 gxf4 24. gxf4 Qg7+ 25. Kf2 Qh6 26. Rg1+ Kf8 27. Qg3 Ne7 28. c6 Ng6 29. Nd7+ Ke7 30. Qg5+ Qxg5 31. fxg5 Kd6 32. Rd1 Kxc6 33. Nf6 Nf8 34. Kf3 Kc5 35. Ne4+ Kb4 36. Rc1 Ka3 37. Rc2 Rd7 38. Rc8 Ng6 39. Nc5 Re7 40. Nd3 e5 41. Ke4 Kxa2 42. b4 Ka3 43. Rc5 Kb3 44. Rc1 Nf8 45. Rb1+ Ka4 46. h4 Kb5 47. h5 Nd7 48. Ra1 Kb6 49. Rg1 Re6 50. h6 Re7 51. Nb2 Kb5 52. Nd3 Nb6 53. Rc1 Nc4 54. Rxc4 Kxc4 55. Nxe5+ Rxe5+ 0-1

[Event "Winnipeg TNT 2025.06"]
[Site "Winnipeg CAN"]
[Date "2025.06.17"]
[Round "3.12"]
[White "Gannon, Keith"]
[Black "Harvey, Chris"]
[Result "1-0"]
[WhiteElo "1582"]
[BlackElo "1529"]
[WhiteFideId "-1"]
[WhiteFideId "-1"]
[PlyCount "77"]
[GameId "2197395077972081"]
[EventDate "2025.06.03"]
[EventType "swiss"]
[EventRounds "4"]
[EventCountry "CAN"]

1. Nf3 Nc6 2. Nc3 e5 3. e4 Nf6 4. Bc4 Be7 5. O-O O-O 6. d4 exd4 7. Nxd4 Ne5 8. Be2 a6 9. a3 d6 10. b4 b5 11. f4 Neg4 12. Nc6 Qd7 13. Nxe7+ Qxe7 14. h3 Nh6 15. Bf3 Rd8 16. Nd5 Nxd5 17. Qxd5 Be6 18. Qd4 c5 19. Qf2 Qf6 20. e5 dxe5 21. Bxa8 exf4 22. Bxf4 Rxa8 23. Bxh6 Qxh6 24. Qxc5 Rc8 25. Qf2 Rc3 26. Qd4 Rc8 27. Rfd1 f6 28. c3 Kf7 29. Re1 Rc4 30. Qa7+ Kg6 31. Rxe6 Rxc3 32. Rxa6 Qd2 33. Qf2 Rc1+ 34. Rxc1 Qxc1+ 35. Kh2 Qc8 36. Qg3+ Kf7 37. Ra7+ Kf8 38. Qxg7+ Ke8 39. Qe7# 1-0

[Event "Winnipeg TNT 2025.06"]
[Site "Winnipeg CAN"]
[Date "2025.06.17"]
[Round "3.13"]
[White "Trueman, Francis"]
[Black "Cobb, Kyle"]
[Result "1-0"]
[WhiteElo "1561"]
[BlackElo "1430"]
[WhiteFideId "-1"]
[WhiteFideId "-1"]
[PlyCount "71"]
[GameId "2197395077972082"]
[EventDate "2025.06.03"]
[EventType "swiss"]
[EventRounds "4"]
[EventCountry "CAN"]

1. e4 e5 2. Nf3 Nc6 3. d3 Nf6 4. Nbd2 b5 5. c3 Be7 6. Be2 a6 7. O-O O-O 8. Re1 Bb7 9. Nf1 d5 10. Qc2 d4 11. h4 Ng4 12. h5 f5 13. N3h2 Nxf2 14. exf5 Rxf5 15. Bf3 Bh4 16. g3 Nh3+ 17. Kg2 Nf4+ 18. Kh1 Bxg3 19. Nxg3 Rf8 20. Bxf4 Rxf4 21. Qd2 Rf6 22. Ne4 Rh6 23. Ng5 Rb8 24. Bg4 Kf8 25. Rf1+ Ke8 26. Rf7 Qd5+ 27. Nhf3 Rxh5+ 28. Kg1 Rxg5 29. Qxg5 Kxf7 30. Qf5+ Kg8 31. Ng5 Nd8 32. Qxh7+ Kf8 33. Rf1+ Ke8 34. Ne4 Nf7 35. Qxg7 Rd8 36. Nf6+ 1-0

[Event "Winnipeg TNT 2025.06"]
[Site "Winnipeg CAN"]
[Date "2025.06.24"]
[Round "4.1"]
[White "Stordeur, Jackson"]
[Black "Nagelberg, Alan"]
[Result "1-0"]
[WhiteElo "2020"]
[BlackElo "2028"]
[WhiteFideId "-1"]
[WhiteFideId "-1"]
[PlyCount "86"]
[GameId "2197395077972083"]
[EventDate "2025.06.03"]
[EventType "swiss"]
[EventRounds "4"]
[EventCountry "CAN"]

1. e4 c5 2. Nf3 Nc6 3. d4 cxd4 4. Nxd4 Nf6 5. Nc3 e5 6. Ndb5 d6 7. Bg5 a6 8. Na3 b5 9. Nd5 Be7 10. Bxf6 Bxf6 11. c3 Rb8 12. Nc2 Bg5 13. g3 Be6 14. Bg2 g6 15. O-O Qd7 16. Qd3 Ne7 17. Nce3 Kf8 18. f4 Bh6 19. Kh1 Nxd5 20. Nxd5 exf4 21. gxf4 f5 22. Ne3 Kf7 23. exf5 gxf5 24. Rad1 Rhd8 25. Qe2 Rg8 26. Rd4 Rg6 27. Rfd1 Bf8 28. b3 Be7 29. Bf3 Rbg8 30. c4 Bf6 31. R4d2 Kf8 32. c5 Qg7 33. Ng2 Qf7 34. cxd6 Bd7 35. Rc2 Rh6 36. Rc7 Qg7 37. Qf2 Rh3 38. Ne3 Bd4 39. Rxd7 Qxd7 40. Rxd4 Rg6 41. Bg2 Rh4 42. Qxh4 Qe6 43. Qd8+ Kf7 1-0

[Event "Winnipeg TNT 2025.06"]
[Site "Winnipeg CAN"]
[Date "2025.06.24"]
[Round "4.2"]
[White "Rutter, Blair"]
[Black "Gres, Yakiv"]
[Result "0-1"]
[WhiteElo "1911"]
[BlackElo "1965"]
[WhiteFideId "-1"]
[WhiteFideId "-1"]
[PlyCount "46"]
[GameId "2197395077972084"]
[EventDate "2025.06.03"]
[EventType "swiss"]
[EventRounds "4"]
[EventCountry "CAN"]

1. c4 e5 2. g3 Nf6 3. Bg2 d5 4. d3 dxc4 5. Qa4+ Bd7 6. Qxc4 Nc6 7. Nf3 Bb4+ 8. Bd2 Qe7 9. O-O a5 10. a3 Bxd2 11. Nbxd2 O-O 12. Rac1 Rfe8 13. e3 b5 14. Qc5 Rab8 15. Ng5 Rb6 16. Rc2 h6 17. Nge4 Nxe4 18. Nxe4 Qe6 19. Nc3 Ne7 20. Nd5 Nxd5 21. Bxd5 Qd6 22. Qxc7 Qxd5 23. Qxb6 Qf3 0-1

[Event "Winnipeg TNT 2025.06"]
[Site "Winnipeg CAN"]
[Date "2025.06.24"]
[Round "4.3"]
[White "Bonness, Will"]
[Black "Wang, Lucas"]
[Result "1-0"]
[WhiteElo "1927"]
[BlackElo "1748"]
[WhiteFideId "-1"]
[WhiteFideId "-1"]
[PlyCount "133"]
[GameId "2197395077972085"]
[EventDate "2025.06.03"]
[EventType "swiss"]
[EventRounds "4"]
[EventCountry "CAN"]

1. e4 c5 2. Nf3 d6 3. Bb5+ Bd7 4. Bxd7+ Qxd7 5. c4 e5 6. Nc3 Nc6 7. d3 Nge7 8. a3 g6 9. Rb1 Bg7 10. O-O O-O 11. b4 Nd4 12. Bg5 f6 13. Be3 f5 14. exf5 Ndxf5 15. Bg5 Nd4 16. Nxd4 cxd4 17. Bxe7 Qxe7 18. Nd5 Qd7 19. b5 b6 20. Qd2 Rac8 21. f3 Rf7 22. a4 Qd8 23. a5 Qh4 24. Qf2 Qxf2+ 25. Rxf2 Rb8 26. axb6 axb6 27. Ra1 Bh6 28. Rfa2 Rbb7 29. Ra8+ Kg7 30. Rd8 Ra7 31. Ra8 Rab7 32. R1a6 Be3+ 33. Kf1 Kh6 34. Ke2 Bg1 35. h3 Kg5 36. Rxb6 Rxb6 37. Nxb6 e4 38. Nd5 Kh4 39. dxe4 Kg3 40. Kf1 Bf2 41. b6 d3 42. Ra2 Bxb6 43. Nxb6 Rb7 44. Rb2 h5 45. Ke1 h4 46. Kf1 g5 47. Rb5 Ra7 48. Rxg5+ Kf4 49. Rg4+ Ke3 50. Nd5+ Kd2 51. Rg5 Kc1 52. Ne3 Kd2 53. Kf2 Ra2 54. Rd5 Kc1+ 55. Kf1 Kd2 56. Nf5 Kc2 57. Kf2 Kc3+ 58. Ke3 Re2+ 59. Kf4 d2 60. Nxh4 Kxc4 61. Rxd6 Kc3 62. Nf5 Rxg2 63. Ne3 Rh2 64. Rh6 Kd3 65. Rd6+ Ke2 66. Rxd2+ Kxd2 67. Nf1+ 1-0

[Event "Winnipeg TNT 2025.06"]
[Site "Winnipeg CAN"]
[Date "2025.06.24"]
[Round "4.4"]
[White "Bilugan, Mason"]
[Black "Zhou, Joe"]
[Result "1/2-1/2"]
[WhiteElo "1964"]
[BlackElo "1912"]
[WhiteFideId "-1"]
[WhiteFideId "-1"]
[PlyCount "70"]
[GameId "2197395077972086"]
[EventDate "2025.06.03"]
[EventType "swiss"]
[EventRounds "4"]
[EventCountry "CAN"]

1. d4 d5 2. c4 e6 3. cxd5 exd5 4. Nc3 Nf6 5. Bg5 c6 6. e3 Be7 7. Bd3 O-O 8. Qc2 h6 9. Bh4 Nh5 10. Bxe7 Qxe7 11. Nge2 Qg5 12. Ng3 Nxg3 13. hxg3 Nd7 14. O-O-O Nf6 15. Kb1 Ne4 16. Bxe4 dxe4 17. Rh4 f5 18. Na4 Qg6 19. Rc1 Rd8 20. Nc3 b6 21. Ne2 Bb7 22. Qb3+ Qf7 23. Qxf7+ Kxf7 24. g4 fxg4 25. Rxg4 Re8 26. Ng3 Rad8 27. Rxe4 Rxe4 28. Nxe4 Ke6 29. f3 Rd5 30. b3 Rh5 31. Kb2 Rh2 32. Rc2 c5 33. dxc5 Bxe4 34. fxe4 bxc5 35. Kc3 h5 1/2-1/2

[Event "Winnipeg TNT 2025.06"]
[Site "Winnipeg CAN"]
[Date "2025.06.24"]
[Round "4.5"]
[White "Adeyemi, Adebowale"]
[Black "Currie, James"]
[Result "1/2-1/2"]
[WhiteElo "1708"]
[BlackElo "1959"]
[WhiteFideId "-1"]
[WhiteFideId "-1"]
[PlyCount "78"]
[GameId "2197395077972087"]
[EventDate "2025.06.03"]
[EventType "swiss"]
[EventRounds "4"]
[EventCountry "CAN"]

1. c4 Nf6 2. Nc3 g6 3. g3 Bg7 4. Bg2 O-O 5. Nf3 d6 6. d4 Nbd7 7. O-O c5 8. d5 Ng4 9. e4 Nge5 10. Qe2 Nxf3+ 11. Bxf3 a6 12. Rb1 Ne5 13. Bd2 Nxf3+ 14. Qxf3 f5 15. Rfe1 b5 16. b3 b4 17. Na4 fxe4 18. Qxe4 Bf5 19. Qe3 Bd4 20. Qg5 Bxb1 21. Rxb1 Bxf2+ 22. Kg2 e5 23. dxe6 Qxg5 24. Bxg5 Bd4 25. Nb6 Rf2+ 26. Kh3 Re8 27. Re1 Rf5 28. Kg4 h5+ 29. Kh4 Bf6 30. Bxf6 Rxf6 31. e7 Rf2 32. h3 Kg7 33. Nd5 Kf7 34. g4 hxg4 35. hxg4 g5+ 36. Kxg5 Rf3 37. Re2 a5 38. Kh4 Rh8+ 39. Kg5 Rg8+ 1/2-1/2

[Event "Winnipeg TNT 2025.06"]
[Site "Winnipeg CAN"]
[Date "2025.06.24"]
[Round "4.6"]
[White "Vaughan, Nathan"]
[Black "Atem, James"]
[Result "1-0"]
[WhiteElo "1950"]
[BlackElo "1834"]
[WhiteFideId "-1"]
[WhiteFideId "-1"]
[PlyCount "87"]
[GameId "2197395078041720"]
[EventDate "2025.06.03"]
[EventType "swiss"]
[EventRounds "4"]
[EventCountry "CAN"]

1. e4 Nc6 2. d4 d5 3. e5 e6 4. c3 g6 5. h4 h5 6. Bd3 Bd7 7. Rh3 Nh6 8. Nf3 Nf5 9. b4 a6 10. a4 Be7 11. Ng5 Nxh4 12. Rxh4 Bxg5 13. Rh3 Bxc1 14. Qxc1 Ne7 15. g4 c6 16. a5 Rg8 17. f3 hxg4 18. fxg4 Qc7 19. Qg5 Rf8 20. Qf6 Ng8 21. Qg5 Qd8 22. Qf4 Qe7 23. Nd2 O-O-O 24. g5 Be8 25. Rh7 Bd7 26. Nb3 Qe8 27. O-O-O Ne7 28. Nc5 Nf5 29. Rdh1 Qe7 30. Bxf5 exf5 31. e6 Bxe6 32. Re1 Qd6 33. Nxe6 fxe6 34. Qxd6 Rxd6 35. Rg7 e5 36. Rxe5 Rfd8 37. Ree7 R8d7 38. Rxd7 Rxd7 39. Rxg6 Rf7 40. Rg8+ Kd7 41. g6 Re7 42. g7 Re1+ 43. Kd2 Rg1 44. Rb8 1-0

[Event "Winnipeg TNT 2025.06"]
[Site "Winnipeg CAN"]
[Date "2025.06.24"]
[Round "4.7"]
[White "Kowal, Ken"]
[Black "Hui, Zelus"]
[Result "1/2-1/2"]
[WhiteElo "1923"]
[BlackElo "1815"]
[WhiteFideId "-1"]
[WhiteFideId "-1"]
[PlyCount "92"]
[GameId "2197395078045817"]
[EventDate "2025.06.03"]
[EventType "swiss"]
[EventRounds "4"]
[EventCountry "CAN"]

1. e4 e6 2. d4 d5 3. Nc3 dxe4 4. Nxe4 Bd7 5. Nf3 Bc6 6. Bd3 Nd7 7. O-O Ngf6 8. Ng3 Be7 9. Re1 Bxf3 10. Qxf3 c6 11. Bg5 O-O 12. Rad1 Qa5 13. Ne4 Rfe8 14. Bxf6 Nxf6 15. a3 Rad8 16. c3 Rd5 17. h3 Red8 18. Nxf6+ Bxf6 19. Qe4 g6 20. Bc4 R5d6 21. Qf3 Bg7 22. b4 Qc7 23. Bb3 a5 24. g3 b5 25. Kg2 a4 26. Bc2 Qb6 27. h4 h5 28. g4 hxg4 29. Qxg4 Qb7 30. Qf3 Qe7 31. Qg4 Qb7 32. h5 gxh5 33. Qxh5 Rd5 34. Qh7+ Kf8 35. f4 Qc7 36. Kf3 Qe7 37. Be4 R5d6 38. Rg1 Qf6 39. Rg5 Bh6 40. Rg8+ Ke7 41. f5 Rxg8 42. Qxg8 Qh4 43. Qg4 Qxg4+ 44. Kxg4 e5 45. Rh1 Bf4 46. dxe5 Bxe5 1/2-1/2